| 000 | 00768nam a2200253 a 4500 | ||
|---|---|---|---|
| 001 | 000017305 | ||
| 003 | DO-SdBNP | ||
| 005 | 20240530073918.0 | ||
| 008 | 100322s1985 dr 001 f spa d | ||
| 040 |
_aDO-SdBNP _bspa _cBNPHU |
||
| 082 | 4 |
_aRD863.44 _bV443a 1985 _222 |
|
| 100 | 1 |
_aVeloz Maggiolo, Marcio, _d1936-2021 _91104 |
|
| 245 | 1 | 4 |
_aLos ángeles de hueso / _cMarcio Veloz Maggiolo. |
| 250 | _a2a ed. | ||
| 260 |
_aSanto Domingo : _bTaller, _c1985. |
||
| 300 |
_a139 p. ; _c21 cm. |
||
| 490 |
_aBiblioteca Taller _v182 |
||
| 590 | _aInventariado, 2020 /LP | ||
| 650 | 0 |
_aNovela dominicana _9223 |
|
| 650 | 0 |
_aLiteratura dominicana. _967 |
|
| 830 |
_aBiblioteca Taller _v182 _937959 |
||
| 910 | _aValidado. Control de calidad MMOLINA | ||
| 942 |
_2ddc _cLBS1 |
||
| 999 |
_c16830 _d16830 |
||